Indian Socialists : (Record no. 123332)
[ view plain ]
| 000 -LEADER | |
|---|---|
| fixed length control field | 00782nam a22002297a 4500 |
| 005 - DATE AND TIME OF LATEST TRANSACTION | |
| control field | 20170124105923.0 |
| 010 ## - LIBRARY OF CONGRESS CONTROL NUMBER | |
| LC control number | A-728415 |
| 020 ## - INTERNATIONAL STANDARD BOOK NUMBER | |
| Terms of availability | 00.00 |
| International Standard Book Number | 8171546994 |
| 035 ## - SYSTEM CONTROL NUMBER | |
| System control number | A-728415 |
| 037 ## - SOURCE OF ACQUISITION | |
| Source of stock number/acquisition | Cen Lib/Ret |
| 040 ## - CATALOGING SOURCE | |
| Original cataloging agency | DPL |
| Language of cataloging | EN |
| 082 ## - DEWEY DECIMAL CLASSIFICATION NUMBER | |
| Classification number | 324.254074 |
| Item number | SHA |
| 100 ## - MAIN ENTRY--PERSONAL NAME | |
| Personal name | Shah,Sonal |
| 9 (RLIN) | 5451 |
| 245 ## - TITLE STATEMENT | |
| Title | Indian Socialists : |
| Statement of responsibility, etc | by Sonal Shah |
| Remainder of title | search for identity / |
| 260 ## - PUBLICATION, DISTRIBUTION, ETC. (IMPRINT) | |
| Place of publication, distribution, etc | Bombay |
| Name of publisher, distributor, etc | Popular Parkashan |
| Date of publication, distribution, etc | 1944 |
| 270 ## - ADDRESS | |
| City | Bombay |
| Address | 35-C,Pt.Madan Mohan MAlaviya Marg,Opp.'Roche'Tardeo |
| Postal code | 400034 |
| 300 ## - PHYSICAL DESCRIPTION | |
| Extent | xvi,194p. |
| Dimensions | 22cm(Hb) |
| 500 ## - GENERAL NOTE | |
| General note | Includes bibliographical reference and index |
| 650 ## - SUBJECT ADDED ENTRY--TOPICAL TERM | |
| Topical term or geographic name as entry element | Political Parties- Ideology,Policiesand programmes--India |
| 9 (RLIN) | 73213 |
| 650 ## - SUBJECT ADDED ENTRY--TOPICAL TERM | |
| Topical term or geographic name as entry element | Socialist Movement - India |
| 9 (RLIN) | 5453 |
| 942 ## - ADDED ENTRY ELEMENTS (KOHA) | |
| Source of classification or shelving scheme | Dewey Decimal Classification |
| Koha item type | English Books |
| Classification part | 324.254074 |
| Call number suffix | SHA |
| Withdrawn status | Lost status | Damaged status | Not for loan | Home library | Current library | Date acquired | Source of acquisition | Cost, normal purchase price | Total Checkouts | Full call number | Barcode | Date last seen | Copy number | Cost, replacement price | Price effective from | Koha item type | Public note |
|---|---|---|---|---|---|---|---|---|---|---|---|---|---|---|---|---|---|
| Written off | Central Library | Central Library | 05/06/2015 | Cen Lib/Ret | 0.00 | 324.254074 SHA | A-728415 | 05/06/2015 | 1 | 0.00 | 05/06/2015 | English Books | Written off on approval by DLB (By Circulation); dtd 15-06-2023 |
